[Event "Flint (Beg/5)"]
[Site "?"]
[Date "1993.??.??"]
[Round "?"]
[White "Etienne, T."]
[Black "Belill, Matt"]
[Result "1-0"]
[WhiteElo "1605"]
[BlackElo "1605"]
[PlyCount "63"]
[EventDate "1993.??.??"]

1. e4 e5 2. d4 exd4 3. c3 dxc3 4. Bc4 cxb2 5. Bxb2 Bb4+ 6. Nd2 Nf6 7. Bxf7+
Kxf7 8. Qb3+ d5 9. Qxb4 Nc6 10. Qc3 Re8 11. O-O-O Qe7 12. exd5 Ne5 13. Ngf3
Nxf3 14. Nxf3 Bg4 15. Rhe1 Qd6 16. Ne5+ Kg8 17. Nxg4 Qf4+ 18. Ne3 b5 19. Rd4
Qxf2 20. Rg4 Kh8 21. Rg3 b4 22. Qd2 Qf4 23. Rf1 Qd6 24. Kd1 Rad8 25. Rxg7 Rg8
26. Rxg8+ Kxg8 27. Rxf6 Qc5 28. Nf5 Re8 29. Nh6+ Kg7 30. Rc6+ Qc3 31. Bxc3+
bxc3 32. Qxc3+ 1-0

[Event "Troy (TCC/C/3/12)"]
[Site "?"]
[Date "1993.??.??"]
[Round "?"]
[White "Etienne, T."]
[Black "Barnhart, P."]
[Result "1-0"]
[WhiteElo "1605"]
[BlackElo "1605"]
[PlyCount "57"]
[EventDate "1993.??.??"]

{3/(12)} 1. d4 Nf6 2. Nf3 g6 3. Bg5 Bg7 4. Nbd2 O-O 5. e4 d6 6. Be2 b6 7. O-O
Bb7 8. Bd3 Nbd7 9. c3 c5 10. Re1 Qc7 11. Rc1 e6 12. Qe2 Rfe8 13. Ba6 Rac8 14.
Bxb7 Qxb7 15. Nc4 Qc6 16. e5 dxe5 17. dxe5 Nd5 18. Nd6 h6 19. Nxe8 Rxe8 20. Bh4
Nf4 21. Qe4 Qxe4 22. Rxe4 Nd3 23. Rd1 N3xe5 24. Nxe5 Nxe5 25. Bg3 Nc6 26. Rd7
a6 27. Rc7 Ne7 28. Rd7 Nd5 29. Rxd5 1-0

[Event "Lansing (MI Am/3)"]
[Site "?"]
[Date "1993.??.??"]
[Round "?"]
[White "Estlick, Laurence"]
[Black "Solski, Jeff"]
[Result "1-0"]
[WhiteElo "1700"]
[BlackElo "1605"]
[PlyCount "75"]
[EventDate "1993.??.??"]

1. d4 Nf6 2. c4 g6 3. Nc3 Bg7 4. e4 d6 5. Nf3 Bg4 6. h3 Bxf3 7. Qxf3 Nc6 8. Be3
Nd7 9. Qd1 a5 10. a3 O-O 11. d5 Ncb8 12. Be2 f5 13. exf5 Rxf5 14. Bg4 Re5 15.
O-O c5 16. Bf4 h5 17. Bxe5 Nxe5 18. Be6+ Kh7 19. Ne4 Bh6 20. f4 Nxc4 21. Ng5+
Bxg5 22. fxg5 Ne5 23. Qc2 Qe8 24. Rf2 Nbd7 25. Raf1 b5 26. Bf7 Qh8 27. Bxg6+
Kg7 28. Bf5 Rf8 29. Qe2 Nb6 30. Be6 Rxf2 31. Rxf2 Nbc4 32. h4 Qh7 33. Qf1 Qg6
34. Rf8 Qe4 35. Rg8+ Kh7 36. Rh8+ Kxh8 37. Qf8+ Kh7 38. Qg8# 1-0

[Event "East Lansing (May)"]
[Site "?"]
[Date "1993.??.??"]
[Round "?"]
[White "Estlick, Laurence"]
[Black "Iyer, Krishnan"]
[Result "1-0"]
[WhiteElo "1640"]
[BlackElo "1605"]
[PlyCount "51"]
[EventDate "1993.??.??"]

1. d4 b6 2. Nf3 Bb7 3. c4 e6 4. Nc3 d5 5. e3 dxc4 6. Bxc4 Nf6 7. Bd2 Be7 8. Rc1
O-O 9. O-O Nbd7 10. Qe2 c5 11. Bb3 Rc8 12. Rfd1 Qc7 13. dxc5 bxc5 14. Na4 Qc6
15. a3 g5 16. Qf1 g4 17. Nd4 Qxg2+ 18. Qxg2 Bxg2 19. Nxe6 Bf3 20. Nxf8 Kxf8 21.
Re1 Ne4 22. Rc2 Ne5 23. Nc3 f5 24. Be6 Nd6 25. Bxc8 Nxc8 26. e4 1-0

[Event "East Lansing (May)"]
[Site "?"]
[Date "1993.??.??"]
[Round "?"]
[White "Estlick, Laurence"]
[Black "Eggleston, D."]
[Result "1-0"]
[WhiteElo "1640"]
[BlackElo "1605"]
[PlyCount "69"]
[EventDate "1993.??.??"]

1. d4 f5 2. c4 Nf6 3. Nc3 g6 4. g3 Bg7 5. Bg2 O-O 6. Nf3 d6 7. O-O Qe8 8. Re1
Qf7 9. Qb3 Ne4 10. Ng5 Nxg5 11. Bxg5 c6 12. Be3 Nd7 13. Rad1 Nf6 14. Bc1 e5 15.
dxe5 dxe5 16. c5 Be6 17. Qc2 Rad8 18. b3 Nd7 19. Bg5 Bf6 20. Bxf6 Nxf6 21. b4
e4 22. e3 Nd5 23. a3 Rd7 24. Ne2 Rfd8 25. Nd4 Nc7 26. Nxe6 Qxe6 27. Bf1 Rxd1
28. Rxd1 Rxd1 29. Qxd1 Nd5 30. Bc4 Qe5 31. Qd4 Qe6 32. b5 Kf7 33. a4 h6 34. Kg2
Qd7 35. Qe5 $138 1-0

[Event "Lansing (MI Am/1)"]
[Site "?"]
[Date "1993.??.??"]
[Round "?"]
[White "Estlick, Laurence"]
[Black "Brelitch, D."]
[Result "1-0"]
[WhiteElo "1700"]
[BlackElo "1605"]
[PlyCount "87"]
[EventDate "1993.??.??"]

1. d4 Nf6 2. c4 d6 3. Nc3 g6 4. e4 Bg7 5. Nf3 O-O 6. Bd3 Bg4 7. h3 Bxf3 8. Qxf3
Nc6 9. Be3 Nb4 10. Bb1 Qd7 11. a3 Nc6 12. O-O Na5 13. Bd3 Qc6 14. Qe2 b6 15. b4
Nb7 16. Rac1 Qd7 17. Rfd1 c5 18. e5 dxe5 19. dxe5 Nh5 20. Bxg6 Qe6 21. Bxh5
Qxe5 22. Rd5 Qe6 23. Bg4 Qc6 24. b5 Qc7 25. Rd7 Qc8 26. Nd5 Kh8 27. Nxe7 Qb8
28. Nc6 Qc8 29. Rxf7 Qe8 30. Rxb7 Qe4 31. Bh6 Qxe2 32. Bxg7+ Kg8 33. Bxe2 Rfe8
34. Kf1 Re4 35. Rd1 Rae8 36. Bf3 R4e6 37. Bd5 h6 38. Re1 Kh7 39. Rxe6 Rxe6 40.
Bxe6 Kg6 41. Ne5+ Kg5 42. g3 Kh5 43. f4 a6 44. Bf7# 1-0

[Event "Lansing (MI Am/5)"]
[Site "?"]
[Date "1993.??.??"]
[Round "?"]
[White "Estlick, Laurence"]
[Black "Aldrich, Jeff"]
[Result "1/2-1/2"]
[WhiteElo "1700"]
[BlackElo "1900"]
[PlyCount "115"]
[EventDate "1993.??.??"]

1. d4 d5 2. c4 e6 3. Nc3 Nf6 4. Bg5 Nbd7 5. e3 c6 6. Nf3 Be7 7. cxd5 exd5 8.
Be2 O-O 9. O-O b6 10. a3 Bb7 11. b4 a5 12. b5 c5 13. dxc5 Nxc5 14. Nd4 Rc8 15.
Rc1 Ne6 16. Bh4 Bxa3 17. Bg4 Re8 18. Rc2 Bb4 19. Na4 Rxc2 20. Qxc2 Nxd4 21.
exd4 Re4 22. Bxf6 Qxf6 23. Qc7 Rxg4 24. Qxb7 Rxd4 25. Nxb6 g6 26. Nxd5 Qd6 27.
Nxb4 axb4 28. b6 b3 29. Qc8+ Kg7 30. b7 Rb4 31. h4 b2 32. Qc3+ f6 33. Rb1 Qb6
34. h5 Qxb7 35. h6+ Kxh6 36. Qxf6 Qg7 37. Qd6 Qc3 38. Qd1 Rc4 39. Kh2 Qc2 40.
Qe1 Re4 41. Qf1 Re2 42. Kg3 Qc7+ 43. Kh3 Qe5 44. g3 Qf5+ 45. Kg2 Qe4+ 46. Kh2
Qf3 47. Kg1 Kg7 48. Rd1 h5 49. Qg2 Qb3 50. Qf1 Qc2 51. Rb1 Rxf2 52. Qxf2 Qxb1+
53. Kh2 Qc1 54. Qd4+ Kh6 55. Qh8+ Kg5 56. Qe5+ Kg4 57. Qe4+ Kg5 58. Qe5+
1/2-1/2

[Event "Lansing (MI Am/4)"]
[Site "?"]
[Date "1993.??.??"]
[Round "?"]
[White "Endres, John"]
[Black "Viel, M."]
[Result "1/2-1/2"]
[WhiteElo "1605"]
[BlackElo "1605"]
[PlyCount "62"]
[EventDate "1993.??.??"]

1. e4 e5 2. Nf3 Nc6 3. Bb5 a6 4. Ba4 Nf6 5. O-O Nxe4 6. Re1 Nf6 7. Nxe5 Nxe5 8.
Rxe5+ Be7 9. d4 O-O 10. Bg5 h6 11. Bh4 Re8 12. Nc3 d6 13. Re1 c6 14. Bb3 d5 15.
Ne2 Bf5 16. c4 dxc4 17. Bxc4 Nd5 18. Bxe7 Rxe7 19. Ng3 Rxe1+ 20. Qxe1 Qd7 21.
Nxf5 Qxf5 22. Qd2 Re8 23. Re1 Rxe1+ 24. Qxe1 Qc2 25. Bb3 Qxb2 26. g3 Kf8 27.
Qd1 Nc3 28. Qf3 f6 29. Qh5 Nd5 30. Bxd5 cxd5 31. Qxd5 b5 1/2-1/2

[Event "Lansing (MI Am/2)"]
[Site "?"]
[Date "1993.??.??"]
[Round "?"]
[White "Endres, John"]
[Black "Flynn, John"]
[Result "1-0"]
[WhiteElo "1605"]
[BlackElo "1605"]
[PlyCount "41"]
[EventDate "1993.??.??"]

1. e4 e5 2. Nf3 Nc6 3. Bb5 Nf6 4. O-O d5 5. Nxe5 dxe4 6. Nxc6 bxc6 7. Bxc6+ Bd7
8. Bxa8 Qxa8 9. Nc3 Bc5 10. d4 Bb4 11. Bd2 O-O 12. Nxe4 Qxe4 13. Bxb4 Re8 14.
Re1 Qb7 15. Rxe8+ Bxe8 16. Bc3 Ne4 17. Qe1 Bd7 18. Rc1 Nd6 19. Qe7 Bc6 20. d5
Bxd5 21. Qd8+ 1-0

[Event "Flint (Class A/2)"]
[Site "?"]
[Date "1993.??.??"]
[Round "?"]
[White "Emke, Robert"]
[Black "Walker, Douglas"]
[Result "0-1"]
[WhiteElo "1935"]
[BlackElo "1875"]
[PlyCount "130"]
[EventDate "1993.??.??"]

1. d4 Nf6 2. e3 e6 3. Bd3 d5 4. Nf3 c5 5. c3 Bd6 6. Ne5 Nbd7 7. f4 Qc7 8. Nd2
O-O 9. g4 cxd4 10. exd4 Bxe5 11. fxe5 Ne4 12. Nxe4 dxe4 13. Bxe4 f6 14. g5 f5
15. Bc2 Nb6 16. Bb3 Qc6 17. O-O Nd5 18. Bxd5 Qxd5 19. Rf4 Bd7 20. Qf3 Qb5 21.
Qg3 g6 22. h4 Bc6 23. b3 Qe2 24. Qf2 Qh5 25. Ba3 Rf7 26. Re1 h6 27. Qe2 hxg5
28. Qxh5 gxh5 29. hxg5 Rg7 30. Kf2 Rxg5 31. Rg1 Rg4 32. Rfxg4+ hxg4 33. Be7 Kf7
34. Bf6 b5 35. Ke3 Bd5 36. Bh4 Rh8 37. Bg3 Rh3 38. Kf4 Rh8 39. Rc1 Rc8 40. Ke3
Kg6 41. Kf4 Rc6 42. Be1 Be4 43. Bg3 Ra6 44. Ra1 Bd5 45. c4 bxc4 46. bxc4 Bxc4
47. a3 Rb6 48. Bf2 Rb3 49. Be3 Bd5 50. a4 Rb2 51. Kg3 Rg2+ 52. Kf4 Rh2 53. Kg3
Rh3+ 54. Kf2 Rf3+ 55. Ke2 f4 56. Bg1 Bc4+ 57. Kd2 a6 58. Rc1 Rd3+ 59. Ke1 Bb3
60. a5 Kf5 61. Rc8 Rd1+ 62. Kf2 g3+ 63. Kf3 Bd5+ 64. Ke2 Rxg1 65. Rf8+ Ke4 0-1

[Event "Lansing (MI Am/5)"]
[Site "?"]
[Date "1993.??.??"]
[Round "?"]
[White "Emke, Robert"]
[Black "Vorhauer, Sam"]
[Result "1/2-1/2"]
[WhiteElo "1960"]
[BlackElo "1605"]
[PlyCount "53"]
[EventDate "1993.??.??"]

1. d4 d5 2. e3 Nf6 3. Bd3 e6 4. Nf3 Bd6 5. Nbd2 Nbd7 6. O-O O-O 7. Re1 c6 8. e4
dxe4 9. Nxe4 Nxe4 10. Bxe4 Nf6 11. Bd3 Re8 12. Ne5 Qe7 13. c3 Kh8 14. Re3 Bxe5
15. dxe5 Ng8 16. Rh3 f5 17. exf6 Nxf6 18. Bg5 Rd8 19. Rxh7+ Kg8 20. Rh4 Rd5 21.
f4 Qc5+ 22. Kh1 Ne4 23. Rh8+ Kxh8 24. Qh5+ Kg8 25. Bxe4 Rf5 26. Bxf5 exf5 27.
Qe8+ 1/2-1/2

[Event "Ann Arbor (HVA/3/5)"]
[Site "?"]
[Date "1993.??.??"]
[Round "?"]
[White "Emke, Robert"]
[Black "Jointer, William"]
[Result "0-1"]
[WhiteElo "1895"]
[BlackElo "1760"]
[PlyCount "126"]
[EventDate "1993.??.??"]

{3/(5)} 1. d4 Nf6 2. e3 b6 3. Nf3 e6 4. c4 Bb7 5. Bd3 Bb4+ 6. Bd2 Qe7 7. O-O
O-O 8. a3 Bd6 9. h3 Ne4 10. Bc3 f5 11. Bxe4 Bxe4 12. Be1 g5 13. Nc3 g4 14. hxg4
Rf7 15. Nxe4 fxe4 16. Nd2 Qh4 17. f4 Qh6 18. Nxe4 Be7 19. Rf3 d5 20. Nd2 Nd7
21. Rh3 Qg6 22. Rc1 c5 23. cxd5 exd5 24. Nb3 c4 25. Nd2 b5 26. Qc2 Qe6 27. Bf2
Nf6 28. g5 Ng4 29. g6 hxg6 30. Nf1 Raf8 31. Re1 g5 32. Bg3 Qf6 33. Nh2 Nxh2 34.
Bxh2 g4 35. Rg3 Qh4 36. Qe2 Rg7 37. Rf1 Rf5 38. e4 Rh5 39. Rxg4 Qxh2+ 40. Kf2
Rhh7 41. exd5 Rxg4 42. Qxg4+ Rg7 43. Qc8+ Kh7 44. Qh3+ Qxh3 45. gxh3 Bh4+ 46.
Kf3 Kg8 47. Ke4 Re7+ 48. Kf5 Kf8 49. Rg1 Bf2 50. Rg6 Bxd4 51. d6 Rf7+ 52. Ke6
Bxb2 53. d7 Re7+ 54. Kd6 Bxa3+ 55. Kc6 Rxd7 56. Kxd7 c3 57. Rg2 b4 58. Rc2 Bb2
59. Re2 b3 60. Re8+ Kf7 61. Re7+ Kf6 62. h4 c2 63. h5 c1=Q 0-1

[Event "Ann Arbor (HVA/1/5)"]
[Site "?"]
[Date "1993.??.??"]
[Round "?"]
[White "Emke, Robert"]
[Black "Griffin, John"]
[Result "1-0"]
[WhiteElo "1895"]
[BlackElo "1605"]
[PlyCount "83"]
[EventDate "1993.??.??"]

{1/(5)} 1. d4 Nf6 2. e3 e6 3. Bd3 d5 4. f4 c5 5. c3 Nbd7 6. Nf3 Be7 7. Ne5 c4
8. Bc2 Nxe5 9. fxe5 Ne4 10. O-O O-O 11. Bxe4 dxe4 12. Nd2 b5 13. Nxe4 Bb7 14.
Qg4 Bxe4 15. Qxe4 Qd5 16. Qg4 f5 17. exf6 Rxf6 18. Rxf6 Bxf6 19. e4 Qb7 20. e5
Bd8 21. Qxe6+ Qf7 22. Qxf7+ Kxf7 23. Bd2 a5 24. a3 Be7 25. Rf1+ Ke6 26. Rf3 Rd8
27. Rg3 Bf8 28. Kf2 Rd7 29. Rf3 Be7 30. Rh3 h6 31. Kf3 Bf8 32. Ke4 b4 33. axb4
axb4 34. cxb4 Rb7 35. d5+ Kf7 36. Rf3+ Ke8 37. d6 Rb5 38. d7+ Kxd7 39. Rxf8 Ke7
40. Rc8 Ke6 41. Bc3 Rb7 42. Rxc4 1-0

[Event "Lansing (MI Am/3)"]
[Site "?"]
[Date "1993.??.??"]
[Round "?"]
[White "Emke, Robert"]
[Black "Cunningham, J."]
[Result "1/2-1/2"]
[WhiteElo "1960"]
[BlackElo "1605"]
[PlyCount "38"]
[EventDate "1993.??.??"]

1. b3 Nc6 2. Nf3 d5 3. d4 Bg4 4. c3 Bxf3 5. exf3 a5 6. Ba3 Nf6 7. Nd2 g6 8. Bd3
Bh6 9. O-O O-O 10. Re1 Re8 11. g3 Qd7 12. f4 Qh3 13. Bf1 Qf5 14. Bb2 Rad8 15.
Nf3 Qg4 16. Ne5 Qf5 17. Bd3 Qh3 18. Bf1 Qf5 19. Bd3 Qh3 1/2-1/2

[Event "Flint (Class A/4)"]
[Site "?"]
[Date "1993.??.??"]
[Round "?"]
[White "Emke, Robert"]
[Black "Bauerle, Paul"]
[Result "1-0"]
[WhiteElo "1935"]
[BlackElo "1930"]
[PlyCount "77"]
[EventDate "1993.??.??"]

1. d4 Nf6 2. e3 d5 3. Bd3 e6 4. f4 c5 5. c3 b6 6. Nf3 Nbd7 7. Ne5 g6 8. Nd2 Bb7
9. Ndf3 Ne4 10. Bb5 Bc8 11. Qa4 f6 12. Bc6 Rb8 13. Qxa7 Bd6 14. Nxd7 Bxd7 15.
Qxd7+ Qxd7 16. Bxd7+ Kxd7 17. Nd2 f5 18. Nxe4 fxe4 19. Bd2 c4 20. b4 Ra8 21. a3
Rhf8 22. g3 Kc6 23. Kd1 Ra7 24. Kc2 Rfa8 25. Bc1 Kd7 26. Bb2 Ke7 27. g4 Kf6 28.
g5+ Kf5 29. h4 Rh8 30. h5 b5 31. hxg6 Kxg6 32. Rh6+ Kf5 33. Rf6+ Kg4 34. Rxe6
Bxf4 35. exf4 Kxf4 36. Bc1+ Kf3 37. Rf6+ Kg4 38. Be3 h5 39. gxh6 1-0

[Event "Lansing (MI Am/1)"]
[Site "?"]
[Date "1993.??.??"]
[Round "?"]
[White "Emke, Robert"]
[Black "Alliston, Richard"]
[Result "0-1"]
[WhiteElo "1960"]
[BlackElo "1605"]
[PlyCount "74"]
[EventDate "1993.??.??"]

1. d4 d5 2. e3 Nf6 3. Bd3 Nbd7 4. f4 e6 5. Nf3 Be7 6. O-O b6 7. Ne5 Bb7 8. Nd2
O-O 9. Ndf3 Ne4 10. Nxd7 Qxd7 11. Ne5 Qe8 12. Rf3 g6 13. Rh3 f6 14. Ng4 c5 15.
c3 Bd6 16. Nf2 e5 17. Nxe4 dxe4 18. Bc4+ Kg7 19. Qg4 Bc8 20. Qg3 Bxh3 21. gxh3
exd4 22. cxd4 cxd4 23. exd4 Rc8 24. Bb3 a5 25. Be3 a4 26. Bd1 Qb5 27. Qg2 Qd3
28. Kf2 a3 29. bxa3 Bxa3 30. f5 Bb2 31. Qg4 Bxd4 32. Bxd4 Qxd4+ 33. Kg2 Qxa1
34. fxg6 Qxa2+ 35. Kg3 Rc3+ 36. Kh4 hxg6 37. Be2 Rh8+ 0-1

[Event "Ann Arbor (HVA/4/14)"]
[Site "?"]
[Date "1993.??.??"]
[Round "?"]
[White "Elliott, J."]
[Black "Skidmore, Mike"]
[Result "0-1"]
[WhiteElo "1605"]
[BlackElo "1930"]
[PlyCount "78"]
[EventDate "1993.??.??"]

{4/(14)} 1. g3 Nf6 2. Bg2 e5 3. c4 Bc5 4. Nc3 c6 5. e3 d6 6. Nge2 O-O 7. O-O
Be6 8. d4 exd4 9. exd4 Bb6 10. Qd3 d5 11. c5 Bc7 12. f4 g6 13. f5 Bd7 14. Bg5
Bxf5 15. Rxf5 gxf5 16. Qxf5 Nbd7 17. Rf1 Kg7 18. Nf4 Bxf4 19. Rxf4 Qe7 20. Ne4
dxe4 21. Bxe4 Qe6 22. Bxf6+ Nxf6 23. Qg5+ Kh8 24. Qxf6+ Qxf6 25. Rxf6 Kg7 26.
Rd6 Rad8 27. d5 Rxd6 28. cxd6 cxd5 29. Bxd5 Rd8 30. Bxb7 Rxd6 31. b3 Rd1+ 32.
Kg2 Rd2+ 33. Kh3 Rxa2 34. Bd5 Rd2 35. Bc4 a5 36. g4 Rc2 37. Kg3 a4 38. Bxf7 a3
39. b4 Kxf7 0-1

[Event "Ann Arbor (HVA/3/21)"]
[Site "?"]
[Date "1993.??.??"]
[Round "?"]
[White "Elliott, J."]
[Black "Kielb, M."]
[Result "1-0"]
[WhiteElo "1605"]
[BlackElo "1605"]
[PlyCount "83"]
[EventDate "1993.??.??"]

{3/(21)} 1. c4 Nf6 2. Nc3 g6 3. g3 Bg7 4. e3 d5 5. Bg2 d4 6. Nd5 c6 7. Nxf6+
Bxf6 8. d3 dxe3 9. fxe3 O-O 10. d4 c5 11. d5 Re8 12. Rb1 e5 13. e4 Bg7 14. a3
f5 15. Nf3 fxe4 16. Ng5 Bf5 17. Bxe4 Bxe4 18. Nxe4 Bf8 19. Bg5 Be7 20. Qg4 Bxg5
21. Qxg5 Qxg5 22. Nxg5 Nd7 23. Ne6 Rab8 24. b4 Rec8 25. Kd2 b5 26. bxc5 Nxc5
27. Rhe1 Nxe6 28. dxe6 bxc4 29. Rxb8 Rxb8 30. Kc3 Kf8 31. Kxc4 Ke7 32. Rxe5 Rb6
33. Rb5 Rxb5 34. Kxb5 Kxe6 35. Ka6 Kd6 36. Kxa7 Kc5 37. Kb7 Kb5 38. Kc7 Ka4 39.
Kd7 h5 40. Ke6 Kxa3 41. Kf6 Kb3 42. Kxg6 1-0

[Event "Flint (MI Jr/3)"]
[Site "?"]
[Date "1993.??.??"]
[Round "?"]
[White "Elkins, S."]
[Black "Zuniga, Jesus"]
[Result "0-1"]
[WhiteElo "1605"]
[BlackElo "1605"]
[PlyCount "154"]
[EventDate "1993.??.??"]

1. g3 e5 2. Bg2 Nf6 3. Nf3 Nc6 4. O-O Bc5 5. d3 O-O 6. b3 d5 7. Bb2 d4 8. Nbd2
Qd6 9. Ne4 Nxe4 10. dxe4 Ba3 11. Qc1 Bxb2 12. Qxb2 f5 13. exf5 Rxf5 14. Rad1 e4
15. Nxd4 Nxd4 16. Rxd4 Qe5 17. Bxe4 Rf8 18. Rb1 c5 19. Rc4 Qxb2 20. Rxb2 Re8
21. Rb1 Rb8 22. e3 b5 23. Bd5+ Kf8 24. Rxc5 Re5 25. b4 Be6 26. Bxe6 Rxe6 27.
Rd1 a6 28. a3 Re4 29. Rd6 a5 30. bxa5 Ra4 31. Rdd5 Rxa5 32. a4 Rxa4 33. Rxb5
Rxb5 34. Rxb5 Ra1+ 35. Kg2 Ra2 36. c3 Rc2 37. e4 Rxc3 38. e5 Ke7 39. Rb6 Ra3
40. Rb7+ Ke6 41. Rxg7 Kxe5 42. Rxh7 Ke4 43. h4 Kf5 44. h5 Kg5 45. h6 Kg6 46. f4
Kxh7 47. f5 Ra5 48. f6 Kxh6 49. g4 Rg5 50. f7 Kg7 51. f8=Q+ Kxf8 52. Kg3 Kf7
53. Kh4 Kf6 54. Kg3 Ra5 55. Kh4 Kg6 56. Kg3 Kg5 57. Kf3 Ra4 58. Ke3 Rxg4 59.
Kd3 Kf5 60. Ke3 Rh4 61. Kd3 Ke5 62. Ke3 Rh3+ 63. Kf2 Kf4 64. Ke2 Rg3 65. Kf2
Ra3 66. Ke2 Ke4 67. Kd2 Kd4 68. Kc2 Rg3 69. Kb2 Kc4 70. Kc2 Rg2+ 71. Kd1 Kc3
72. Ke1 Rb2 73. Kd1 Ra2 74. Ke1 Kd3 75. Kf1 Ke3 76. Kg1 Kf3 77. Kh1 Kg3 0-1

[Event "Flint (MI Jr/4)"]
[Site "?"]
[Date "1993.??.??"]
[Round "?"]
[White "Elkins, S."]
[Black "Young, O."]
[Result "0-1"]
[WhiteElo "1605"]
[BlackElo "1605"]
[PlyCount "82"]
[EventDate "1993.??.??"]

1. g3 Nf6 2. Nf3 d5 3. Bg2 Nc6 4. b3 e5 5. Bb2 e4 6. Ne5 Nxe5 7. Bxe5 Ng4 8.
Bb2 Bc5 9. e3 d4 10. Qe2 d3 11. Qd1 O-O 12. Bxe4 dxc2 13. Qxc2 f5 14. Bf3 Re8
15. Qxc5 b6 16. Qc3 Ne5 17. Bxa8 f4 18. gxf4 Nd3+ 19. Kf1 Bh3+ 20. Kg1 Nxb2 21.
Bg2 Bxg2 22. Kxg2 Nd3 23. Rg1 Qd5+ 24. Kf1 g6 25. Qxc7 Qb5 26. Nc3 Qa6 27. f5
Rc8 28. Qe7 Rxc3 29. Kg2 Rc2 30. Kh1 Nxf2+ 31. Kg2 Rxd2 32. Rac1 Nd3+ 33. Kh1
Nxc1 34. Rxc1 Rf2 35. Rd1 Rf1+ 36. Kg2 Qe2+ 37. Kg3 Rf3+ 38. Kh4 Qf2+ 39. Kg5
Rxf5+ 40. Kg4 Qf3+ 41. Kh4 Rh5# 0-1

[Event "East Lansing (May)"]
[Site "?"]
[Date "1993.??.??"]
[Round "?"]
[White "Eggleston, D."]
[Black "Dane, C."]
[Result "0-1"]
[WhiteElo "1605"]
[BlackElo "1605"]
[PlyCount "64"]
[EventDate "1993.??.??"]

1. e4 e5 2. Nf3 Nc6 3. Bb5 a6 4. Bxc6 dxc6 5. Nc3 f6 6. O-O Bc5 7. Na4 Ba7 8.
c3 Bg4 9. b4 Qd3 10. Nb2 Qxe4 11. Re1 Bxf3 12. Qxf3 Qxf3 13. gxf3 Ne7 14. d3
Kf7 15. f4 exf4 16. Bxf4 Nd5 17. Bd2 Rhe8 18. a3 Rxe1+ 19. Rxe1 Re8 20. c4
Rxe1+ 21. Bxe1 Ne7 22. Kg2 Ke6 23. Bc3 Nf5 24. Nd1 Bd4 25. Bxd4 Nxd4 26. Ne3 f5
27. Kg3 g5 28. h3 f4+ 29. Kg4 fxe3 30. fxe3 Nc2 31. Kxg5 Nxe3 32. Kf4 Nc2 0-1

[Event "Flint (Class C/1)"]
[Site "?"]
[Date "1993.??.??"]
[Round "?"]
[White "Edson, James"]
[Black "Vaughn, Gerald"]
[Result "1-0"]
[WhiteElo "1605"]
[BlackElo "1605"]
[PlyCount "106"]
[EventDate "1993.??.??"]

1. e4 c5 2. Nc3 e6 3. Nf3 Nc6 4. b3 Nf6 5. Bb2 Be7 6. g3 b6 7. Bg2 Bb7 8. O-O
O-O 9. d3 d5 10. exd5 exd5 11. d4 Re8 12. Re1 Rc8 13. dxc5 Bxc5 14. Rxe8+ Qxe8
15. Nxd5 Ng4 16. Nd4 Qd7 17. c4 Re8 18. Bh3 h5 19. Bxg4 Qxg4 20. Qxg4 hxg4 21.
Nxc6 Bxc6 22. Kf1 Re6 23. Re1 Rd6 24. Ne7+ Kf8 25. Nxc6 Rxc6 26. Kg2 Rd6 27.
Re2 Rd3 28. h3 gxh3+ 29. Kxh3 a6 30. Kg4 g6 31. f3 f5+ 32. Kg5 Rxf3 33. Kxg6
Rxg3+ 34. Kxf5 Rf3+ 35. Ke5 Rf2 36. Rxf2+ Bxf2 37. Bd4 Bxd4+ 38. Kxd4 Ke7 39.
Kd5 Kd7 40. a4 a5 41. c5 bxc5 42. Kxc5 Kc7 43. Kb5 Kb7 44. Kxa5 Ka7 45. b4 Kb7
46. b5 Ka7 47. b6+ Kb7 48. Kb5 Kb8 49. a5 Kb7 50. a6+ Ka8 51. Kc6 Kb8 52. b7
Ka7 53. Kc7 Kxa6 1-0

[Event "Flint (Class C/5)"]
[Site "?"]
[Date "1993.??.??"]
[Round "?"]
[White "Edson, James"]
[Black "Rodriguez, Juan"]
[Result "1-0"]
[WhiteElo "1605"]
[BlackElo "1605"]
[PlyCount "39"]
[EventDate "1993.??.??"]

1. e4 e6 2. Nf3 d5 3. exd5 exd5 4. d4 Bd6 5. g3 Nf6 6. Bg2 Bg4 7. O-O Qd7 8.
Nc3 Bh3 9. Re1+ Be7 10. Bxh3 Qxh3 11. Ne5 O-O 12. Bg5 Rd8 13. Ng6 hxg6 14. Rxe7
Ng4 15. Qf3 Qxh2+ 16. Kf1 Qh3+ 17. Ke2 f6 18. Rh1 Nh2 19. Rxg7+ Kh8 20. Qxf6
1-0

[Event "Flint (Class C/4)"]
[Site "?"]
[Date "1993.??.??"]
[Round "?"]
[White "Edson, James"]
[Black "Lewis, C."]
[Result "1/2-1/2"]
[WhiteElo "1605"]
[BlackElo "1605"]
[PlyCount "77"]
[EventDate "1993.??.??"]

1. e4 e6 2. Nf3 d5 3. exd5 exd5 4. d4 Nf6 5. Bg5 Be7 6. Nc3 O-O 7. g3 Bg4 8.
Bg2 c6 9. O-O Ne4 10. Bxe7 Qxe7 11. Re1 Re8 12. Qd3 Qb4 13. Nxe4 dxe4 14. Rxe4
Rxe4 15. Qxe4 Bd7 16. b3 h6 17. c4 Na6 18. Qd3 Re8 19. a3 Qd6 20. Nd2 Nc5 21.
Qc3 Ne6 22. d5 Ng5 23. dxc6 Bxc6 24. Bxc6 Qxc6 25. g4 Ne6 26. Re1 Nf4 27. Rxe8+
Qxe8 28. Qe3 Qb8 29. Kf1 b6 30. b4 g5 31. c5 Qc8 32. h3 Qc6 33. f3 Qb5+ 34. Kf2
Nxh3+ 35. Kg3 Nf4 36. cxb6 axb6 37. Ne4 Qf1 38. Nf6+ Kg7 39. Nh5+ 1/2-1/2

[Event "Lansing (MI Am/2)"]
[Site "?"]
[Date "1993.??.??"]
[Round "?"]
[White "Eckert, William"]
[Black "Rosekrans, R."]
[Result "0-1"]
[WhiteElo "1605"]
[BlackElo "1800"]
[PlyCount "58"]
[EventDate "1993.??.??"]

1. e4 c5 2. Nf3 d6 3. d4 cxd4 4. Nxd4 Nf6 5. Bb5+ Bd7 6. Nc3 Nc6 7. Bg5 e6 8.
Qe2 Nxd4 9. Qd2 Nxb5 10. Na4 h6 11. Bh4 g5 12. Bg3 Nxe4 13. Qd3 Nxg3 14. hxg3
Qa5+ 15. Nc3 Nxc3 16. bxc3 Bg7 17. O-O-O Qa3+ 18. Kb1 Bxc3 19. Qxc3 Qxc3 20.
Rxd6 Qb4+ 21. Kc1 Qxd6 22. Rd1 Qe5 23. Rd3 Bb5 24. Rb3 Rd8 25. a4 Qa1+ 26. Rb1
Qa3+ 27. Rb2 Be2 28. c3 Qxc3+ 29. Rc2 Rd1# 0-1

[Event "Jackson (Prison m)"]
[Site "?"]
[Date "1993.??.??"]
[Round "?"]
[White "Eason-El"]
[Black "Tripp, Steve"]
[Result "0-1"]
[WhiteElo "1605"]
[BlackElo "1605"]
[PlyCount "54"]
[EventDate "1993.??.??"]

1. e4 c5 2. Bc4 Nc6 3. Qh5 e6 4. Nf3 Nf6 5. Qh4 Be7 6. d3 O-O 7. Qh3 e5 8. Be3
d5 9. Qh4 dxc4 10. dxc4 Bg4 11. Nbd2 Qd7 12. O-O-O Nh5 13. Bg5 Bxg5 14. Qxg5 f6
15. Qe3 Qe7 16. h3 Be6 17. b3 a5 18. g3 a4 19. Kb2 axb3 20. axb3 Ra6 21. Nb1
Rfa8 22. Nc3 Nd4 23. g4 Nf4 24. Ra1 Rxa1 25. Rxa1 Rxa1 26. Kxa1 Nxc2+ 27. Kb2
Nxe3 0-1

[Event "Flint (MEX/2)"]
[Site "?"]
[Date "1993.??.??"]
[Round "?"]
[White "Eagle, Chris"]
[Black "Ward, Tom"]
[Result "1-0"]
[WhiteElo "2085"]
[BlackElo "2200"]
[PlyCount "101"]
[EventDate "1993.??.??"]

1. d4 Nf6 2. Nf3 e6 3. g3 b6 4. Bg2 Bb7 5. O-O Be7 6. c4 O-O 7. Nc3 Ne4 8. Qc2
Nxc3 9. Qxc3 a5 10. b3 f5 11. Bb2 d6 12. d5 Bf6 13. Nd4 Bxd4 14. Qxd4 e5 15.
Qc3 f4 16. gxf4 Rxf4 17. e3 Rg4 18. f3 Rg6 19. f4 Nd7 20. Rf3 Qh4 21. Kh1 Re8
22. Raf1 Qe7 23. Rg3 Rxg3 24. hxg3 Bc8 25. Bh3 exf4 26. Be6+ Kh8 27. exf4 Rf8
28. Kg2 Nf6 29. f5 Bd7 30. Qd4 Be8 31. g4 h6 32. Rh1 Kh7 33. Qf4 Nd7 34. g5 Nc5
35. f6 Nxe6 36. Qf5+ Bg6 37. Qxg6+ Kxg6 38. fxe7 Nf4+ 39. Kf3 Re8 40. gxh6 Nd3
41. h7 Rh8 42. e8=Q+ Rxe8 43. h8=Q Rxh8 44. Rxh8 Nxb2 45. Rc8 Nd3 46. Rxc7 Kf6
47. Ke3 Nc1 48. Rd7 Ke5 49. Re7+ Kf5 50. Rxg7 Nxa2 51. Rb7 1-0

[Event "Flint (MEX/4)"]
[Site "?"]
[Date "1993.??.??"]
[Round "?"]
[White "Eagle, Chris"]
[Black "Calton, Bill"]
[Result "1/2-1/2"]
[WhiteElo "2085"]
[BlackElo "2080"]
[PlyCount "24"]
[EventDate "1993.??.??"]

1. d4 f5 2. c4 Nf6 3. Nc3 e6 4. g3 Be7 5. Bg2 O-O 6. Nf3 d5 7. Ne5 c6 8. Qb3
Nbd7 9. Nxd7 Qxd7 10. O-O b6 11. a4 Ba6 12. cxd5 cxd5 1/2-1/2

[Event "Eastpointe (EDO/2/24)"]
[Site "?"]
[Date "1993.??.??"]
[Round "?"]
[White "Durrett, R."]
[Black "Walls, R."]
[Result "0-1"]
[WhiteElo "1605"]
[BlackElo "1605"]
[PlyCount "28"]
[EventDate "1993.??.??"]

{2/(24)} 1. e4 e5 2. Nf3 Nc6 3. Bb5 d6 4. O-O Nf6 5. Nc3 Bd7 6. Bxc6 Bxc6 7. d3
Be7 8. h3 h6 9. d4 exd4 10. Qxd4 O-O 11. Nd5 Re8 12. Nxe7+ Rxe7 13. Bxh6 Rxe4
14. Qc3 gxh6 0-1

[Event "Eastpointe (EDO/1b/15)"]
[Site "?"]
[Date "1993.??.??"]
[Round "?"]
[White "Durrett, R."]
[Black "Iyer, Krishnan"]
[Result "0-1"]
[WhiteElo "1605"]
[BlackElo "1605"]
[PlyCount "32"]
[EventDate "1993.??.??"]

1. e4 e6 2. d4 d5 3. Nc3 Nd7 4. exd5 exd5 5. Nxd5 c6 6. Nc3 Ngf6 7. Nf3 Bb4 8.
Bf4 O-O 9. Be2 Qa5 10. Qd2 Nd5 11. O-O Nxc3 12. bxc3 Bxc3 13. Qe3 Bxa1 14. Rxa1
Nf6 15. Be5 Nd5 16. Qg5 f6 0-1